Statystyki dla Najbardziej wartościowe kluby obecnie

Kliknij tutaj aby rozwiązać quiz!

Ogólne statystyki

  • Ten quiz został rozwiązany 147 razy
  • Średni wynik to 31 z 50

Statystyki odpowiedzi

#KlubpochodzenieWartość Rynkowa Klubu% Poprawnych
2Paris Saint Germain
924,45 mln €
99%
6FC Barcelona
793,20 mln €
98%
4Bayern Monachium
846,53 mln €
97%
7Real Madryt
786,50 mln €
97%
1Manchester City
1,01 mld €
96%
3Liverpool
865,00 mln €
94%
8Manchester United
756,80 mln €
93%
5Chelsea
810,50 mln €
90%
14AC Milan
527,55 mln €
88%
13Juventus
541,90 mln €
88%
11Arsenal
646,50 mln €
87%
12Inter
610,55 mln €
87%
9Atletico Madryt
660,50 mln €
85%
15Borussia Dortmund
512,70 mln €
83%
10Tottenham
657,30 mln €
83%
20Napoli
454,55 mln €
78%
26AS Monaco
342,60 mln €
72%
22AS Roma
417,35 mln €
71%
43FC Porto
245,75 mln €
71%
18RB Lipsk
470,08 mln €
71%
45Ajax Amsterdam
238,10 mln €
68%
17Aston Villa
470,60 mln €
66%
38Olympique Lyon
265,25 mln €
63%
44Benfica
242,80 mln €
62%
35Olympique Marsylia
268,85 mln €
62%
37Sevilla
266,85 mln €
62%
21West Ham United
432,50 mln €
62%
16Bayer Leverkusen
476,85 mln €
55%
40Valencia
251,20 mln €
52%
27Villarreal
340,20 mln €
52%
28Atalanta
333,20 mln €
51%
23Everton
406,75 mln €
51%
31Lazio
276,35 mln €
51%
19Leicester City
468,30 mln €
48%
46Brighton
235,70 mln €
46%
41Real Betis
250,00 mln €
45%
29Real Sociedad
331,60 mln €
45%
25Newcastle United
363,60 mln €
44%
32Leeds United
271,80 mln €
43%
33Southampton
271,45 mln €
43%
34Fiorentina
268,85 mln €
40%
49VfL Wolfsburg
227,65 mln €
38%
50Athletic Bilbao
221,40 mln €
36%
36Crystal Palace
268,00 mln €
36%
48Eintracht Frankfurt
228,05 mln €
35%
42OGC Nice
248,75 mln €
32%
24Wolverhampton
394,05 mln €
32%
30FC Brentford
292,25 mln €
28%
47Nottingham Forest
230,20 mln €
20%
39Stade Rennais
264,75 mln €
7%

Rozkład punktacji

Percentyl według liczby udzielonych odpowiedzi

Procent ludzi z każdym wynikiem

Twoja historia wyników

Nie rozwiązałeś tego quizu